000 00499cam a2200205 4500
001 D14716
008 090401t1971 xxu||||| |||| 00| 0 eng d
035 _a(Sirsi) u17495
041 _aeng
050 _a695.43
100 _aGlover, H.
245 _aTraditional copper roofing
260 _aPotters Bar
_bCopper Development Association
_c1971
300 _a20p. ill. 30cm
350 _a0
490 _aCDA Technical Note
_vTN6
700 _aToner, D.E.
942 _n0
948 _c04/03/1997
999 _c87519
_d87519